Lí thuyết mạch; T2

Salvato in:
Dettagli Bibliografici
Autore principale: Nguyễn Quân
Natura: Libro
Lingua:Undetermined
Pubblicazione: Tp. HCM Trường Đại Học Bách Khoa 1992
Soggetti:
Tags: Aggiungi Tag
Nessun Tag, puoi essere il primo ad aggiungerne! !
Thư viện lưu trữ: Trung tâm Học liệu Trường Đại học Cần Thơ
LEADER 00534nam a2200193Ia 4500
001 CTU_37143
008 210402s9999 xx 000 0 und d
020 |b 16.000đ 
082 |a 621.3815 
082 |b Qu121/T2 
100 |a Nguyễn Quân 
245 0 |a Lí thuyết mạch; T2 
245 0 |c Nguyễn Quân 
260 |a Tp. HCM 
260 |b Trường Đại Học Bách Khoa 
260 |c 1992 
650 |a electronic circuits 
904 |i Minh, 000623 
980 |a Trung tâm Học liệu Trường Đại học Cần Thơ